Normal view
MARC view
- Concrete houses
Entry Topical Term
001 - CONTROL NUMBER
- control field: 45799
003 - CONTROL NUMBER IDENTIFIER
- control field: NUST
005 - DATE AND TIME OF LATEST TRANSACTION
- control field: 20210314133340.0
008 - FIXED-LENGTH DATA ELEMENTS
- fixed length control field: 210314|| aca||aabn | a|a d
040 ## - CATALOGING SOURCE
- Original cataloging agency: NUST
- Transcribing agency: NUST
150 ## - HEADING--TOPICAL TERM
- Topical term or geographic name entry element: Concrete houses
670 ## - SOURCE DATA FOUND
- Source citation: Work cat.: (NUST): Concrete Association of India. [from old catalog] 45798, Low cost soil-cement houses., 1962.
